Determinants Affecting Health of Slovak Population and Their Quantification

Zdravotné determinanty, rozdelené do určitých skupín - životný štýl, genetický základ, sociálno-ekonomický, zdravotná starostlivosť. Analýza vplyvu vybraných faktorov na zdravotný stav slovenskej populácie. Údaje z posledného prieskumu EHIS (European Health Interview Survey). Dlhodobý zdravotný prob...

Ausführliche Beschreibung

Gespeichert in:
Bibliographische Detailangaben
1. Verfasser: Vojtková, Mária, 1966-
Weitere Verfasser: Kotlebová, Eva, Sivašová, Daniela, 1955-
Format: Buchkapitel
Sprache:Englisch
Schlagworte:
Tags: Tag hinzufügen
Keine Tags, Fügen Sie das erste Tag hinzu!

MARC

LEADER 00000naa a2200000 4500
001 0260869
005 20240502083746.0
041 0 |a eng 
044 |a CZ 
245 1 0 |a Determinants Affecting Health of Slovak Population and Their Quantification 
520 |a Zdravotné determinanty, rozdelené do určitých skupín - životný štýl, genetický základ, sociálno-ekonomický, zdravotná starostlivosť. Analýza vplyvu vybraných faktorov na zdravotný stav slovenskej populácie. Údaje z posledného prieskumu EHIS (European Health Interview Survey). Dlhodobý zdravotný problém. 
610 2 0 |a zdravie 
610 2 0 |a populácia 
610 2 0 |a Slovensko 
610 2 0 |a štýl životný 
100 1 |a Vojtková, Mária, 1966- 
700 1 |a Kotlebová, Eva 
700 1 |a Sivašová, Daniela, 1955-